[Event "46th Capablanca Memorial Open B"]
[Site "Havana CUB"]
[Date "2011.05.15"]
[Round "5.31"]
[White "Fonte Sanchez, Paula"]
[Black "Alvarez Leyva, Harold"]
[Result "1-0"]
[WhiteElo "2012"]
[BlackElo "2131"]
[WhiteFideId "3509729"]
[BlackFideId "3509893"]
[EventDate "2011.05.11"]

1. Nf3 g6 2. g3 Bg7 3. Bg2 e5 4. e4 d6 5. d3 Nc6 6. O-O f5 7. Re1 Nf6 8. Nbd2
O-O 9. c3 Nh5 10. exf5 gxf5 11. Nxe5 dxe5 12. Qxh5 Qxd3 13. Ne4 Ne7 14. Rd1 Qa6
15. Nc5 Qb5 16. b4 c6 17. Bf1 Qb6 18. Nd7 Bxd7 19. Rxd7 Nd5 20. Bh6 Bxh6 21.
Qxh6 Rf7 22. Rxf7 Kxf7 23. Qxh7+ Kf6 24. Qh6+ Kf7 25. Qg5 Rf8 26. Qxf5+ Kg8 27.
Qc2 Kg7 28. Rd1 Rf7 29. Bg2 Ne7 30. Qe2 Ng6 31. Be4 Ne7 32. h4 Kf8 33. Qd2 Nd5
34. c4 Nxb4 35. Qh6+ Ke8 36. Qh8+ Ke7 37. Qxe5+ Kf8 38. Qd6+ Kg8 39. c5 Qc7 40.
Qg6+ Rg7 41. Qe8# 1-0

[Event "46th Capablanca Memorial Open B"]
[Site "Havana CUB"]
[Date "2011.05.15"]
[Round "5.33"]
[White "Hernandez Sotelo, Jose I."]
[Black "Campos Jimenez, Augusto Cesar"]
[Result "1-0"]
[WhiteElo "2140"]
[BlackElo "1996"]
[WhiteFideId "3508803"]
[BlackFideId "3517160"]
[EventDate "2011.05.11"]

1. e4 c5 2. Nf3 d6 3. d4 cxd4 4. Nxd4 Nf6 5. Nc3 g6 6. Be3 Bg7 7. f3 O-O 8. Qd2
Nc6 9. Bc4 Bd7 10. h4 Rb8 11. Bb3 Na5 12. Bh6 Bxh6 13. Qxh6 b5 14. h5 Nxb3 15.
Nxb3 e6 16. e5 dxe5 17. O-O-O Qe7 18. g4 Bc6 19. Qe3 Rfc8 20. hxg6 fxg6 21. Rh2
b4 22. Ne2 Qc7 23. Rd2 a5 24. Nc5 Rb5 25. Nxe6 Qf7 26. Rd8+ Rxd8 27. Nxd8 Qd7
28. Nxc6 Qxc6 29. Ng3 a4 30. g5 Nd5 31. Qa7 Rb7 32. Qa8+ Kg7 33. Ne4 b3 34. axb3
axb3 35. c3 Qb6 36. Nc5 Rd7 37. Qf8+ 1-0

[Event "46th Capablanca Memorial Open B"]
[Site "Havana CUB"]
[Date "2011.05.15"]
[Round "5.34"]
[White "Romero, Jaime"]
[Black "Zayas Sosa, Alfredo"]
[Result "1-0"]
[WhiteElo "2034"]
[BlackElo "2217"]
[WhiteFideId "3902498"]
[BlackFideId "3511820"]
[EventDate "2011.05.11"]

1. e4 e6 2. d3 d5 3. Nd2 c5 4. Ngf3 Nc6 5. g3 g6 6. Bg2 Bg7 7. O-O Nge7 8. Re1
O-O 9. c3 Rb8 10. e5 Qc7 11. Qe2 Bd7 12. a3 a5 13. a4 Rfe8 14. Nb3 Qb6 15. Qc2
Rbc8 16. Bg5 h6 17. Be3 d4 18. Bc1 Nd5 19. Nbd2 Qa6 20. Nc4 Rcd8 21. Nfd2 Nb6
22. Nd6 Rf8 23. N2e4 dxc3 24. Nxc5 Qa7 25. Ndxb7 Nb4 26. Qxc3 Rc8 27. Qb3 Bc6
28. Bxc6 Rxc6 29. Bd2 N6d5 30. d4 Rb8 31. Rac1 Rxb7 32. Nxb7 Qxb7 33. Rxc6 Qxc6
34. Rc1 Qb6 35. Rc8+ Kh7 36. Qc4 Ne7 37. Rc5 Nec6 38. Bxb4 Nxb4 39. Qb5 Qd8 40.
Rc4 Bf8 41. Qb7 Kg8 42. Rc8 Qxd4 43. Qb8 Qd1+ 44. Kg2 Qd5+ 45. Kh3 g5 46. Rxf8+
Kg7 47. Rg8+ Kh7 48. Qf8 1-0

[Event "46th Capablanca Memorial Open B"]
[Site "Havana CUB"]
[Date "2011.05.15"]
[Round "5.35"]
[White "Oliva Meneses, Juan Carlos"]
[Black "Ibanez Milian, Dagoberto"]
[Result "1/2-1/2"]
[BlackTitle "FM"]
[WhiteElo "1996"]
[BlackElo "2205"]
[WhiteFideId "3514374"]
[BlackFideId "3500675"]
[EventDate "2011.05.11"]

1. Nf3 Nf6 2. b3 g6 3. Bb2 Bg7 4. e3 O-O 5. d4 d6 6. Be2 c5 7. dxc5 dxc5 8. Qxd8
Rxd8 9. O-O Nc6 10. Na3 Ne4 11. Bxg7 Kxg7 12. Bd3 Nc3 1/2-1/2

[Event "46th Capablanca Memorial Open B"]
[Site "Havana CUB"]
[Date "2011.05.15"]
[Round "5.36"]
[White "Bueno Gauna, Christian Alejandro"]
[Black "Mancebo Marrero, Pedro Ramiro"]
[Result "1/2-1/2"]
[WhiteElo "1983"]
[BlackElo "2205"]
[WhiteFideId "3509958"]
[BlackFideId "3503879"]
[EventDate "2011.05.11"]

1. e4 e6 2. d4 d5 3. Nd2 Nf6 4. e5 Nfd7 5. Bd3 c5 6. c3 Nc6 7. Ne2 f6 8. exf6
Nxf6 9. O-O Bd6 10. Nf3 O-O 11. Bg5 e5 12. dxe5 Nxe5 13. Nxe5 Bxe5 14. Qc2 Bxh2+
15. Kh1 Bc7 16. Bxh7+ Kh8 17. Bg6 Qd7 18. f4 Ne4 19. Bxe4 dxe4 20. Qxe4 Re8 21.
Qf3 Qg4 1/2-1/2

[Event "46th Capablanca Memorial Open B"]
[Site "Havana CUB"]
[Date "2011.05.15"]
[Round "5.38"]
[White "Fernandez Rodriguez, Angel Luis"]
[Black "Montilla, Jorcerys"]
[Result "1/2-1/2"]
[WhiteElo "2116"]
[BlackElo "1986"]
[WhiteFideId "3503453"]
[BlackFideId "3900517"]
[EventDate "2011.05.11"]

1. d4 d5 2. c4 c6 3. Nf3 Nf6 4. Nc3 e6 5. Bg5 Be7 6. e3 Nbd7 7. cxd5 exd5 8. Bd3
O-O 9. Qc2 Re8 10. O-O Nf8 11. Ne5 Ng6 12. Nxg6 hxg6 13. f3 Be6 14. Bh4 Rc8 15.
Rae1 c5 16. Bb5 Bd7 17. Qb3 Bc6 18. dxc5 Bxc5 19. Na4 Bxb5 20. Qxb5 Bxe3+ 21.
Kh1 Qd7 22. Nc3 g5 23. Qxd7 Nxd7 24. Nxd5 gxh4 25. Nxe3 Re5 26. f4 Rb5 27. Rd1
Nf6 28. b3 Ra5 29. a4 Rc3 30. Rd8+ Kh7 31. Nc4 Rd5 32. Rf8 Rxb3 33. Ne5 Rd4 34.
Nxf7 Rxf4 35. Rh8+ Kg6 36. Ne5+ Kf5 37. Nf3 Ke6 38. Re1+ Kd6 39. Nxh4 Kc6 40. g3
Rxa4 41. Nf5 1/2-1/2

[Event "46th Capablanca Memorial Open B"]
[Site "Havana CUB"]
[Date "2011.05.15"]
[Round "5.39"]
[White "Munos, Rolando"]
[Black "Vega Cordovilla, Maria Jose"]
[Result "1-0"]
[WhiteElo "2108"]
[BlackElo "1901"]
[WhiteFideId "3505405"]
[BlackFideId "3604527"]
[EventDate "2011.05.11"]

1. d4 g6 2. c4 Nf6 3. Nc3 Bg7 4. Nf3 d5 5. Bg5 c6 6. e3 O-O 7. Be2 dxc4 8. Bxc4
Nbd7 9. O-O h6 10. Bh4 Nb6 11. Bb3 Bf5 12. Qe2 Nbd5 13. Nxd5 cxd5 14. Bxf6 Bxf6
15. Qb5 Qb6 16. Qxb6 axb6 17. Bxd5 Ra5 18. Bxb7 Rb8 19. Bc6 Be6 20. a4 Rc8 21.
Rfc1 Bb3 22. Rc3 Kg7 23. Nd2 Bxa4 24. Nc4 Bxc6 25. Nxa5 bxa5 26. Rac1 Rb8 27.
Rxc6 Rxb2 28. Ra6 Ra2 29. g3 e6 30. Rc7 g5 1-0

[Event "46th Capablanca Memorial Open B"]
[Site "Havana CUB"]
[Date "2011.05.15"]
[Round "5.40"]
[White "Granda Rodriguez, Jose Manuel"]
[Black "Chacon Beltran, Jose Antonio"]
[Result "0-1"]
[WhiteElo "1971"]
[BlackElo "2085"]
[WhiteFideId "3502155"]
[BlackFideId "3501990"]
[EventDate "2011.05.11"]

1. e4 c5 2. Nf3 d6 3. d4 cxd4 4. Nxd4 Nf6 5. Nc3 g6 6. f3 Bg7 7. Be3 O-O 8. Qd2
Nc6 9. O-O-O d5 10. exd5 Nxd5 11. Nxc6 bxc6 12. Nxd5 cxd5 13. Qxd5 Qc7 14. Qxa8
Bf5 15. Qxf8+ Kxf8 16. Rd2 h5 17. Bb5 Kg8 18. Ba4 Be5 19. h3 h4 20. Rhd1 Bf4 21.
Bxf4 Qxf4 22. Bb3 Qg5 23. Kb1 Kg7 24. a4 Qe3 25. Ka2 Qg5 26. Bc4 Kf6 27. b4 Qe3
28. Bd3 Be6+ 29. c4 Qb6 30. Kb3 a5 31. b5 Qc5 32. Ra1 Ke5 33. Re1+ Kf6 34. Ra1
g5 35. Rb2 Ke5 36. Re2+ Kd6 37. Rb2 Kc7 38. Kc3 Kb6 39. Bf1 Qe5+ 40. Kb3 Qe3+
41. Ka2 Qc5 42. Rc1 Bc8 43. Be2 e5 44. Rd1 Be6 45. Rc1 f5 46. Bd3 Qe3 47. Rd1
Qc5 48. Rc1 Qe3 49. Rd1 Qc5 50. Rc1 g4 51. hxg4 fxg4 52. fxg4 Bxg4 53. Rf1 e4
54. Rf6+ Ka7 55. b6+ Kb8 56. Bxe4 Qxc4+ 57. Ka1 Qxa4+ 58. Kb1 Qxe4+ 59. Ka2 Be6+ 0-1

[Event "46th Capablanca Memorial Open B"]
[Site "Havana CUB"]
[Date "2011.05.15"]
[Round "5.45"]
[White "Isidron Marcelo, Guillermo"]
[Black "Fonte Sanchez, Claudia"]
[Result "1/2-1/2"]
[WhiteElo "2090"]
[BlackElo "2008"]
[WhiteFideId "3511464"]
[BlackFideId "3509710"]
[EventDate "2011.05.11"]

1. d4 d5 2. Bf4 c6 3. e3 Bf5 4. Nd2 Nf6 5. c4 e6 6. Qb3 Qb6 7. c5 Qxb3 8. axb3
Nbd7 9. b4 a6 10. h3 Be7 11. Nb3 Bd8 12. Nf3 Rc8 13. Be2 Bc7 14. Bxc7 Rxc7 15.
b5 cxb5 16. Bxb5 O-O 17. Bxd7 Nxd7 18. O-O f6 19. Rfc1 Bd3 20. Na5 Nb8 21. Ne1
Bb5 22. Nc2 Rfc8 23. Na3 Be8 24. b4 Nc6 25. Nxc6 Bxc6 26. Rcb1 Ra8 27. Rb2 Rcc8
28. Rab1 Bb5 29. Ra1 Bc6 30. Nb1 1/2-1/2

[Event "46th Capablanca Memorial Open B"]
[Site "Havana CUB"]
[Date "2011.05.15"]
[Round "5.46"]
[White "Doubleday, William G."]
[Black "Brito Valdes, Santiago Jose"]
[Result "0-1"]
[WhiteElo "2088"]
[BlackElo "1958"]
[WhiteFideId "2682419"]
[BlackFideId "3515478"]
[EventDate "2011.05.11"]

1. d4 d5 2. c4 e6 3. Nc3 Nf6 4. Nf3 c5 5. cxd5 exd5 6. g3 Bd6 7. Bg2 O-O 8. O-O
h6 9. Nb5 Be7 10. Bf4 Na6 11. dxc5 Bxc5 12. Nbd4 Nc7 13. Rc1 Bb6 14. h3 Re8 15.
Qc2 Ne6 16. Be3 Nc5 17. Nb5 Rxe3 18. fxe3 Nce4 19. Nfd4 Nxg3 20. Rf3 Nge4 21.
Nc3 a6 22. Na4 Ba7 23. Qc7 Bd7 24. Qxd8+ Rxd8 25. Nc3 Rc8 26. Rff1 Ng3 27. Rfe1
b5 28. Kf2 Nf5 29. Rcd1 Re8 30. Nxf5 Bxf5 31. Nxd5 Nxd5 32. Rxd5 Rxe3 33. h4 Bh3
34. Bf3 Bg4 35. Red1 Bxf3 36. Rd8+ Kh7 37. b3 Bxe2 0-1

[Event "46th Capablanca Memorial Open B"]
[Site "Havana CUB"]
[Date "2011.05.15"]
[Round "5.47"]
[White "Bravo Navarro, Wilson"]
[Black "Rama Gonzalez, Ricardo"]
[Result "1-0"]
[WhiteElo "1955"]
[BlackElo "2076"]
[WhiteFideId "3605680"]
[BlackFideId "3504360"]
[EventDate "2011.05.11"]

1. e4 Nf6 2. Nc3 d5 3. e5 d4 4. exf6 dxc3 5. bxc3 exf6 6. Bc4 Be7 7. Ne2 O-O 8.
O-O Nc6 9. d4 Re8 10. Re1 a6 11. Nf4 Na5 12. Bd3 b5 13. a4 Bd7 14. Qh5 h6 15.
Nd5 Bf8 16. Rxe8 Qxe8 17. Bxh6 Ra7 18. Bf4 f5 19. axb5 axb5 20. g4 Qa8 21. Bxf5
Bxf5 22. Qxf5 c6 23. Ne3 Nc4 24. Rxa7 Qxa7 25. Nxc4 bxc4 26. Qc8 Qe7 27. Bg3
Qe1+ 28. Kg2 Qe4+ 29. Kf1 Qd5 30. Ke2 f6 31. Qf5 Qh1 32. h4 Ba3 33. g5 fxg5 34.
hxg5 Qh5+ 35. Kd2 Be7 36. Bf4 Ba3 37. Qc8+ Kh7 38. Qxc6 Qg4 39. Be3 Qg1 40. Qe4+
g6 41. Qb7+ Kg8 42. Qa8+ Bf8 43. Qa6 1-0

[Event "46th Capablanca Memorial Open B"]
[Site "Havana CUB"]
[Date "2011.05.15"]
[Round "5.48"]
[White "Gates, David A"]
[Black "Rodriguez Caballero, Mayrelis"]
[Result "0-1"]
[WhiteElo "1706"]
[BlackElo "2034"]
[WhiteFideId "415723"]
[BlackFideId "3514072"]
[EventDate "2011.05.11"]

1. e4 e5 2. Nf3 Nf6 3. Nc3 Nc6 4. Bb5 Bc5 5. O-O O-O 6. d3 d6 7. h3 a6 8. Ba4 b5
9. Bb3 h6 10. Re1 Be6 11. Be3 Nd4 12. Bxd4 Bxd4 13. Nxd4 exd4 14. Bxe6 fxe6 15.
Ne2 Nh5 16. Nxd4 Qf6 17. Nxe6 Qxf2+ 18. Kh2 Qg3+ 19. Kh1 Rf2 20. Rg1 Qe3 21. d4
Ng3+ 0-1

[Event "46th Capablanca Memorial Open B"]
[Site "Havana CUB"]
[Date "2011.05.15"]
[Round "5.51"]
[White "Gutierrez Espinosa, Karen"]
[Black "Rodriguez Gomez, Juan Alberto"]
[Result "1-0"]
[WhiteTitle "WFM"]
[WhiteElo "2094"]
[BlackElo "1969"]
[WhiteFideId "3513238"]
[BlackFideId "3517420"]
[EventDate "2011.05.11"]

1. e4 c5 2. Nf3 a6 3. d4 cxd4 4. Nxd4 Nf6 5. Nc3 d6 6. Bc4 e6 7. Bb3 Be7 8. O-O
Nbd7 9. f4 Nc5 10. e5 Nxb3 11. Nxb3 dxe5 12. fxe5 Qxd1 13. Rxd1 Nd7 14. Bf4 Nc5
15. Rd2 Bd7 16. Rad1 Bc6 17. Nd4 Ne4 18. Rd3 Nxc3 19. Rxc3 Rc8 20. Nxc6 Rxc6 21.
Rxc6 bxc6 22. Be3 f6 23. exf6 gxf6 24. Rd3 e5 25. Rb3 Kd7 26. Rb7+ Ke6 27. Rb6
Kd5 28. Rxa6 Bb4 29. c3 Be7 30. b3 f5 31. Bf2 Rc8 32. c4+ Ke4 33. Ra7 Rd8 34. h3
Rd1+ 35. Kh2 Rd2 36. Rxe7 Rxf2 37. Rc7 f4 38. a4 f3 39. Rg7 Rb2 40. Rg3 f2 41.
Rf3 Kd4 42. Kg3 e4 43. Rxf2 Rxb3+ 44. Kf4 e3 45. Re2 Ra3 46. g4 Ra1 47. Rxe3
Rxa4 48. Re7 Ra6 49. Rxh7 Kxc4 50. g5 Kd4 51. Kf5 1-0

[Event "46th Capablanca Memorial Open B"]
[Site "Havana CUB"]
[Date "2011.05.15"]
[Round "5.52"]
[White "Perez Bohigas, Lays Monica"]
[Black "Sanchez Ones, Yenis"]
[Result "1/2-1/2"]
[WhiteElo "2056"]
[BlackElo "2010"]
[WhiteFideId "3510964"]
[BlackFideId "3514099"]
[EventDate "2011.05.11"]

1. e4 c5 2. Nf3 d6 3. d4 cxd4 4. Qxd4 a6 5. Nc3 Nc6 6. Qd1 e6 7. Bd3 Nf6 8. Bg5
Be7 9. O-O O-O 10. Qd2 b5 11. a3 Bb7 12. Rfe1 Qc7 13. Rad1 Rad8 14. h3 Ba8 15.
Qe3 Qb7 16. Nd4 Rc8 17. Nxc6 Qxc6 18. Qf3 Rfd8 19. Kf1 Qb7 20. h4 Qc7 21. Kg1 h6
22. Bf4 Qc6 1/2-1/2

[Event "46th Capablanca Memorial Open B"]
[Site "Havana CUB"]
[Date "2011.05.17"]
[Round "6.1"]
[White "Ragolta Franco, Eduardo"]
[Black "Oliva Castaneda, Kevel"]
[Result "0-1"]
[WhiteTitle "FM"]
[WhiteElo "2247"]
[BlackElo "2265"]
[WhiteFideId "3505910"]
[BlackFideId "3500799"]
[EventDate "2011.05.11"]

1. d4 Nf6 2. c4 g6 3. Nc3 d5 4. Nf3 Bg7 5. Qb3 dxc4 6. Qxc4 O-O 7. e4 a6 8. e5
b5 9. Qb3 Nfd7 10. e6 fxe6 11. Be3 Nf6 12. a4 b4 13. Qxb4 Nc6 14. Qa3 Qd6 15.
Bc4 Rb8 16. O-O Nb4 17. Rac1 Nbd5 18. Ne5 Nxe3 19. fxe3 c5 20. Qxc5 Rxb2 21. Ne4
Qxc5 22. Nxc5 Bh6 23. Rce1 Nd5 24. Rxf8+ Kxf8 25. Ned3 Rc2 26. Bxd5 exd5 27. Nb4
Rc1 28. Rxc1 Bxe3+ 29. Kf1 Bxc1 30. Nxd5 Bb2 31. Nc7 Kf7 32. d5 Be5 33. N7xa6
Bxh2 34. Nb4 Bd6 35. Nbd3 Ke8 36. a5 Bc7 37. a6 Bb6 38. Nb7 Kd7 39. Ne5+ Kc7 40.
Nc6 Bd7 41. Nbd8 e6 42. Nxe6+ Bxe6 43. a7 Bxa7 44. Nxa7 Bd7 45. Kf2 Kd6 46. Nc6
Bxc6 47. dxc6 Kxc6 0-1

[Event "46th Capablanca Memorial Open B"]
[Site "Havana CUB"]
[Date "2011.05.17"]
[Round "6.2"]
[White "De Quesada Pena, Alexei"]
[Black "Lorente Pupo, Ramon Miguel"]
[Result "0-1"]
[BlackTitle "FM"]
[WhiteElo "2234"]
[BlackElo "2286"]
[WhiteFideId "3508730"]
[BlackFideId "3508200"]
[EventDate "2011.05.11"]

1. b3 d5 2. Bb2 c5 3. Nf3 Nc6 4. e3 Nf6 5. Bb5 Bd7 6. O-O e6 7. c4 a6 8. Ba4 Bd6
9. Nc3 O-O 10. cxd5 exd5 11. Bxc6 Bxc6 12. d4 c4 13. bxc4 dxc4 14. d5 Bxd5 15.
Qd4 Bxf3 16. gxf3 Rc8 17. Rad1 Be7 18. Qe5 Qc7 19. Qf5 Rfd8 20. Kh1 Qb6 21. Ba1
Qe6 22. Qb1 b5 23. Rg1 b4 24. Ne2 Rxd1 25. Qxd1 c3 26. Nd4 Qxa2 27. Nf5 Bf8 28.
Qd4 Qe6 29. e4 g6 30. Ne3 Bc5 31. Qd3 Bxe3 32. Qxe3 a5 33. Qh6 b3 34. Qc1 b2 0-1

[Event "46th Capablanca Memorial Open B"]
[Site "Havana CUB"]
[Date "2011.05.17"]
[Round "6.3"]
[White "Gongora Reyes, Liuber"]
[Black "Hernandez Gonzalez, William"]
[Result "1-0"]
[WhiteTitle "FM"]
[WhiteElo "2277"]
[BlackElo "2206"]
[WhiteFideId "3503984"]
[BlackFideId "3509915"]
[EventDate "2011.05.11"]

1. e4 c5 2. Nf3 d6 3. d4 cxd4 4. Nxd4 Nf6 5. Nc3 g6 6. Be3 Bg7 7. f3 a6 8. Qd2
Nbd7 9. O-O-O b5 10. g4 Bb7 11. h4 Ne5 12. h5 Rg8 13. Bd3 Nfd7 14. Kb1 Rc8 15.
hxg6 hxg6 16. Rh7 Qa5 17. Nb3 Qc7 18. Be2 Nb6 19. Bd4 Nbc4 20. Qc1 f6 21. Nd5
Bxd5 22. exd5 g5 23. Bf2 Qb7 24. Nd4 b4 25. Nf5 Kf8 26. Bd4 a5 27. Bxc4 Nxc4 28.
Nxg7 Rxg7 29. Rxg7 Kxg7 30. Qxg5+ Kf8 31. Qf5 Ke8 32. Rh1 Kd8 33. Bxf6 Kc7 34.
Qd3 Kb8 35. Rh7 Ne5 36. Bxe5 dxe5 37. Rh1 Rd8 38. Rd1 Qb6 39. a3 Rd6 40. axb4
axb4 41. Qe4 b3 42. Qxe5 Qf2 43. cxb3 Qxf3 44. Rd4 Qf1+ 45. Ka2 Qb5 46. Ra4 Qb7
47. g5 Kc8 48. Rc4+ Kd8 49. Rd4 Qb5 50. Qe4 Rb6 51. Qd3 Ra6+ 52. Kb1 Qa5 53. Ra4
Qe1+ 54. Ka2 Rxa4+ 55. bxa4 Qh4 56. Qb5 Qxg5 57. a5 Qc1 58. Qb6+ 1-0

[Event "46th Capablanca Memorial Open B"]
[Site "Havana CUB"]
[Date "2011.05.17"]
[Round "6.4"]
[White "Nunez Asencio, Jorge"]
[Black "Li Torres, Manuel Eugenio"]
[Result "1-0"]
[BlackTitle "FM"]
[WhiteElo "2248"]
[BlackElo "2251"]
[WhiteFideId "3510905"]
[BlackFideId "3500489"]
[EventDate "2011.05.11"]

1. d4 d6 2. Nf3 f5 3. g3 Nf6 4. Bg2 g6 5. c4 Bg7 6. b3 O-O 7. Bb2 e6 8. O-O Qe7
9. Nc3 Ne4 10. Qd3 Nxc3 11. Bxc3 a5 12. e4 fxe4 13. Qxe4 Nc6 14. Rae1 Bd7 15.
Bd2 Nd8 16. Bg5 Bf6 17. h4 Qg7 18. Qe3 Nf7 19. Bxf6 Qxf6 20. Ng5 Nd8 21. Bh3 a4
22. d5 axb3 23. axb3 Ra5 24. dxe6 Re5 25. Ne4 1-0

[Event "46th Capablanca Memorial Open B"]
[Site "Havana CUB"]
[Date "2011.05.17"]
[Round "6.5"]
[White "Perez Perez, Osniel"]
[Black "Quesada Chow, Ismael Adan"]
[Result "1-0"]
[WhiteTitle "FM"]
[WhiteElo "2263"]
[BlackElo "2131"]
[WhiteFideId "3503461"]
[BlackFideId "3509559"]
[EventDate "2011.05.11"]

1. e4 c5 2. Nf3 g6 3. d4 cxd4 4. Nxd4 Nc6 5. Nc3 Bg7 6. Nb3 Nf6 7. Be2 O-O 8.
O-O a6 9. Re1 b5 10. Bf1 d6 11. a4 b4 12. Nd5 Bb7 13. Bg5 Nd7 14. Qd2 Bxb2 15.
Rad1 Nb6 16. Nxb4 Nxa4 17. Nd5 Bg7 18. f4 Rc8 19. e5 dxe5 20. fxe5 Nb6 21. Nxe7+
Nxe7 22. Qxd8 Rfxd8 23. Rxd8+ Rxd8 24. Bxe7 Re8 25. Bd6 Nd7 26. Na5 Bc8 27. Nc6
Bf8 28. Ra1 Bb7 29. Na5 Be4 30. Bxa6 Bxc2 31. Bb5 Bf5 32. Nc6 Kg7 33. Ra7 Bxd6
34. exd6 Re1+ 35. Kf2 Rd1 36. Ne7 Ne5 37. Nxf5+ gxf5 38. d7 Kf6 39. Ke3 Ke7 40.
Kf4 Rd5 41. Rb7 Ng6+ 42. Kg5 f4+ 43. Kg4 Rd2 44. Rb8 Rd4 45. Re8+ 1-0

[Event "46th Capablanca Memorial Open B"]
[Site "Havana CUB"]
[Date "2011.05.17"]
[Round "6.6"]
[White "Hernandez Noa, Rodney"]
[Black "Gomez Arnau, Reinerio"]
[Result "1/2-1/2"]
[WhiteElo "2282"]
[BlackElo "2209"]
[WhiteFideId "3510360"]
[BlackFideId "3506223"]
[EventDate "2011.05.11"]

1. d4 Nf6 2. c4 e6 3. Nc3 d5 4. Nf3 Be7 5. Bg5 c6 6. e3 O-O 7. Qc2 Nbd7 8. O-O-O
Re8 9. Kb1 h6 10. Bxf6 Nxf6 11. Ne5 Nd7 12. f4 Nxe5 13. fxe5 Qa5 14. Bd3 Bd7 15.
Rhf1 Rf8 16. Ne2 Rac8 17. Nc1 b6 18. c5 bxc5 19. Nb3 Qb6 20. Nxc5 Bxc5 21. dxc5
Qa5 22. Rf4 Rb8 23. Rdf1 Bc8 24. Ra4 Qc7 25. Qc3 Bd7 26. Rg4 a5 27. Bc2 Rfc8 28.
Bh7+ Kf8 29. Bg6 Be8 30. Rgf4 Rb4 31. Rxb4 axb4 32. Qd4 Ra8 33. Qxb4 Kg8 34. Bc2
Qxe5 35. Qf4 Qg5 36. g3 Qe7 37. Qb4 Qa7 38. a4 Rb8 39. Qc3 1/2-1/2

[Event "46th Capablanca Memorial Open B"]
[Site "Havana CUB"]
[Date "2011.05.17"]
[Round "6.7"]
[White "Ordunez Echarte, Dennys"]
[Black "Gonzalez, Harold"]
[Result "0-1"]
[WhiteTitle "FM"]
[BlackTitle "FM"]
[WhiteElo "2195"]
[BlackElo "2250"]
[WhiteFideId "3512207"]
[BlackFideId "3506061"]
[EventDate "2011.05.11"]

1. e4 e5 2. Nf3 Nc6 3. Bc4 Bc5 4. c3 Nf6 5. d3 a6 6. Bb3 d6 7. h3 O-O 8. O-O h6
9. Re1 Ba7 10. Nbd2 Nh5 11. Nf1 Qf6 12. Be3 Nf4 13. Bxa7 Rxa7 14. Ne3 Ra8 15.
Kh2 Be6 16. Bxe6 fxe6 17. Ng1 d5 18. g3 Ng6 19. Rf1 Rad8 20. Qe2 Rd7 21. Ng2
Rdf7 22. h4 Qd8 23. Nh3 Qd6 24. h5 Nge7 25. Rae1 b5 26. f4 b4 27. fxe5 Nxe5 28.
Nhf4 dxe4 29. dxe4 bxc3 30. Rd1 Qb4 31. bxc3 Qxc3 32. Qxa6 Nf3+ 33. Kh1 Ng5 34.
Rd3 Qc2 35. e5 Nd5 36. a3 Nxf4 37. gxf4 Qe2 38. Re1 Qxh5+ 39. Kg1 Nh3+ 40. Rxh3
Qxh3 41. Re3 Qg4 42. Kh2 Rxf4 43. Rg3 Qh5+ 44. Rh3 Qxe5 45. Nxf4 Rxf4 0-1

[Event "46th Capablanca Memorial Open B"]
[Site "Havana CUB"]
[Date "2011.05.17"]
[Round "6.8"]
[White "Hernandez Copin, Elvis"]
[Black "Montero Fernandez, Reynier"]
[Result "0-1"]
[WhiteElo "2244"]
[BlackElo "2205"]
[WhiteFideId "3506258"]
[BlackFideId "3504573"]
[EventDate "2011.05.11"]

1. e4 c5 2. Nf3 Nc6 3. d4 cxd4 4. Nxd4 Nf6 5. Nc3 d6 6. f3 e6 7. Be3 Be7 8. Qd2
Nxd4 9. Qxd4 O-O 10. O-O-O Qa5 11. g4 a6 12. g5 Nd7 13. h4 b5 14. Kb1 Bb7 15.
Qd2 b4 16. Ne2 Rfd8 17. Nf4 Rab8 18. Qg2 Rdc8 19. Nh5 Kh8 20. Bd3 Nc5 21. Bxc5
Qxc5 22. Nf4 a5 23. g6 Qe5 0-1

[Event "46th Capablanca Memorial Open B"]
[Site "Havana CUB"]
[Date "2011.05.17"]
[Round "6.9"]
[White "Aguilera Rodriguez, Alfredo R."]
[Black "Hedman Senarega, Jose Antonio"]
[Result "1-0"]
[WhiteTitle "FM"]
[BlackTitle "FM"]
[WhiteElo "2242"]
[BlackElo "2204"]
[WhiteFideId "3512991"]
[BlackFideId "3500837"]
[EventDate "2011.05.11"]

1. e4 e5 2. Nf3 Nc6 3. Bb5 a6 4. Ba4 Nf6 5. O-O Be7 6. Re1 b5 7. Bb3 d6 8. c3
O-O 9. h3 h6 10. d4 Re8 11. Nbd2 Bf8 12. Nf1 Bd7 13. Ng3 Na5 14. Bc2 c5 15. b3
Nc6 16. Bb2 Qc7 17. Qd2 Rac8 18. d5 Ne7 19. c4 Ng6 20. Nf5 Rb8 21. Bc3 Qc8 22.
g3 Be7 23. Nh2 Bf8 24. f3 Nh5 25. Nf1 Qd8 26. Qh2 Bc8 27. N1e3 Ne7 28. Ng4 Nxf5
29. exf5 Be7 30. Nf2 b4 31. Bb2 Bd7 32. h4 Qc8 33. g4 Nf4 34. Bc1 Qd8 35. h5 a5
36. Ne4 Bh4 37. Rf1 Qe7 38. Bd2 a4 39. Kh1 Bg5 40. bxa4 Ra8 41. a3 b3 42. Bxb3
Bxa4 43. Bxa4 Rxa4 44. Rfb1 Ra6 45. Bc1 Rea8 46. Ra2 Rb8 47. Qc2 Rxb1 48. Qxb1 1-0

[Event "46th Capablanca Memorial Open B"]
[Site "Havana CUB"]
[Date "2011.05.17"]
[Round "6.10"]
[White "Diaz Perez, Michel Alejandro"]
[Black "Garcia Matos, Richard A."]
[Result "0-1"]
[WhiteElo "2240"]
[BlackElo "2196"]
[WhiteFideId "3517179"]
[BlackFideId "3511090"]
[EventDate "2011.05.11"]

1. e4 c5 2. Nf3 d6 3. d4 Nf6 4. Nc3 cxd4 5. Nxd4 a6 6. Be3 e6 7. f3 b5 8. Qd2 b4
9. Nce2 e5 10. Nb3 Nc6 11. g4 h6 12. Ng3 Be6 13. h4 Qc7 14. Rg1 h5 15. g5 Nd7
16. Be2 g6 17. f4 exf4 18. Bxf4 Nde5 19. O-O-O Rd8 20. Kb1 Bg7 21. Qe3 O-O 22.
Nf1 a5 23. Nfd2 a4 24. Nc1 a3 25. b3 Ng4 26. Bxg4 Bxg4 27. Rxg4 hxg4 28. Nc4 Na5
29. Nxd6 Qc6 30. e5 Nb7 31. Rg1 Nxd6 32. exd6 Rfe8 33. Qd2 Re4 34. Nd3 Qb6 35.
Rf1 Qd4 36. c3 bxc3 37. Qd1 c2+ 38. Kxc2 Qc3+ 39. Kb1 Qa1+ 40. Kc2 Qxa2+ 41. Kc1
Rc8+ 0-1